Jazz Writing / (Record no. 48175)

000 -LEADER
fixed length control field 01047cam a2200337 4500
001 - CONTROL NUMBER
control field 3223081
003 - CONTROL NUMBER IDENTIFIER
control field Nust
005 - DATE AND TIME OF LATEST TRANSACTION
control field 20220830103824.0
008 - FIXED-LENGTH DATA ELEMENTS--GENERAL INFORMATION
fixed length control field 710514r19701860enk b 000 0 eng
010 ## - LIBRARY OF CONGRESS CONTROL NUMBER
LC control number 78559426
015 ## - NATIONAL BIBLIOGRAPHY NUMBER
National bibliography number B71-01801
020 ## - INTERNATIONAL STANDARD BOOK NUMBER
International Standard Book Number 9780826476999 (pbk)
Terms of availability Rs. 340
038 ## - RECORD CONTENT LICENSOR
Staff Name Arshad
040 ## - CATALOGING SOURCE
Original cataloging agency DLC
Transcribing agency DLC
Modifying agency DLC
050 00 - LIBRARY OF CONGRESS CALL NUMBER
Classification number BR50
Item number .E78 1970
082 00 - DEWEY DECIMAL CLASSIFICATION NUMBER
Classification number 781.68
Author Mark LAR
100 ## - MAIN ENTRY--PERSONAL NAME
Personal name Larkin, Philip
9 (RLIN) 11443
240 00 - UNIFORM TITLE
Uniform title Recent inquiries in theology
245 00 - TITLE STATEMENT
Title Jazz Writing /
Statement of responsibility, etc. Philip Larkin
260 ## - PUBLICATION, DISTRIBUTION, ETC.
Place of publication, distribution, etc. London:
Name of publisher, distributor, etc. Hull University press,
Date of publication, distribution, etc. 1999.
300 ## - PHYSICAL DESCRIPTION
Extent 180 p.
Dimensions 22 cm.
350 ## - PRICE (NR) (BK AM CF MU VM SE) [OBSOLETE]
Price £5.00
500 ## - GENERAL NOTE
General note Facsimile reprint of 1st ed., London, John W. Parker and Son, 1860.
500 ## - GENERAL NOTE
General note American ed. has title: Recent inquiries in theology.
504 ## - BIBLIOGRAPHY, ETC. NOTE
Bibliography, etc. note Includes bibliographical references.
563 ## - BINDING INFORMATION
Binding note PB
650 #0 - SUBJECT ADDED ENTRY--TOPICAL TERM
Topical term or geographic name entry element Jazz -- History and criticism.
9 (RLIN) 11444
650 #0 - SUBJECT ADDED ENTRY--TOPICAL TERM
Topical term or geographic name entry element MUSIC -- Genres & Styles -- Jazz.
9 (RLIN) 11445
906 ## - LOCAL DATA ELEMENT F, LDF (RLIN)
a 7
b cbc
c orignew
d 3
e ncip
f 19
g y-gencatlg
942 ## - ADDED ENTRY ELEMENTS (KOHA)
Source of classification or shelving scheme
Koha item type Book
Holdings
Withdrawn status Lost status Source of classification or shelving scheme Damaged status Not for loan Permanent Location Current Location Shelving location Date acquired Full call number Barcode Date last seen Copy number Price effective from Koha item type
          Central Library (CL) Central Library (CL) Book Cart 01/11/2017 781.68 LAR CL893 01/11/2017 1 01/11/2017 Book
© 2023 Central Library, National University of Sciences and Technology. All Rights Reserved.